000
00328nam a2200133Ia 4500
008
210210b1977 xxu||||| |||| 00| 0 eng d
082
_a
813.52 HEMM
100
_a
HEMINGWAY (Ernest).
245
_a
Moveable feast.
260
_a
London
_b
Granada
_c
1977
300
_a
140
690
_a
American English Fiction
906
_a
SG01873
999
_c
113356
_d
113356